000 00300nam a2200133 i 4500
001 bg
100 1 _aSALIMOVA, K. N.
245 0 _aFizika poluprovodnikov /
_cK.N. Salimova.
260 _aMoskwa,
_c1971.
040 _cBPK
041 _apol
942 _cKS
008 s pl f |000 0 pol
999 _c9150
_d9150
856 _uhttp://koha.tu.koszalin.pl/cgi-bin/koha/opac-detail.pl?biblionumber=9150
_yKatalog online BPK